Metódy riadenia prístupu volaní v ATM

Enregistré dans:
Détails bibliographiques
Auteur principal: Kaufmann, Dušan (Auteur)
Autres auteurs: Baroňák, Ivan, 1955- (Directeur de thèse)
Format: Manuscrit Livre
Langue:slovaque
Publié: Bratislava : STU v Bratislave FEI, 2001
Sujets:
Tags: Ajouter un tag
Pas de tags, Soyez le premier à ajouter un tag!

MARC

LEADER 00000ntm a22000003a 4500
001 stu73582
005 20160719164812.7
008 020204s2001------------------------slo-d
040 |a STU  |b slo 
041 0 |a slo 
100 1 |a Kaufmann, Dušan  |4 aut 
245 1 |a Metódy riadenia prístupu volaní v ATM 
260 |a Bratislava :  |b STU v Bratislave FEI,  |c 2001 
300 |a 50 s 
650 7 |a informatika  |2 stusub 
700 1 |a Baroňák, Ivan,  |d 1955-  |4 ths  |u E070  |U FEI Fakulta elektrotechniky a informatiky  |T FEI Ústav telekomunikácií  |X 1925  |U E070  |Y 818  |7 A000001925